000 00273nam a2200109Ia 4500
008 200302s9999 xx 000 0 und d
100 _aKingsley & Others
245 _aRegional Dynamics Vol II
260 _bAn Elgar Reference Collection
260 _c1997
300 _a650 P.,
999 _c5588
_d5588